00959nam a2200265 a 450000100060000000300080000600500170001400800390003102000150007003500200008504000320010504100080013708200280014510000290017324500880020225000120029026000420030230000340034449000630037850400520044165000490049394200120054299900170055495201220057153546BD-RjUL20211209075959.0161017t19861960us a b 001 0 eng a0256028346 a(BD-RjUL) 53668 aDLCcDLCdDLCdBD-RjULbeng aeng00a658.45019bHAC 19862231 aHaney, William V.94597010aCommunication and organizational behavior :bText and cases /cby William V. Haney. a5th ed. aHomewood, Ill. :bR. D. Irwin,c1986. axxi, 598 p. :bill. ;c24 cm.0 aThe Irwin series in management and the Behavioral Sciences aIncludes Bibliographical References and Indexes 0aCommunicationxPsychological aspects.945971 2ddccBK c53546d53546 00102ddc40708NFICaRUCLbRUCLcStackd1992-06-02l0o658.45019 HAC 1986r2016-10-17 00:00:00tC-2w2016-10-17yBK